000 01301nam0a22003131 4500
001 rc\4603861
005 20250612130954.0
021 _aRU
_b[61-7630]
035 _a(NLR Aleph) 008667781
090 _a9101250
_c9101250
100 _a20130416d1960 |||y0rusy50 ca
101 0 _arus
102 _aRU
105 _ay z |||||
200 1 _aОбразование отложений и низкотемпературная коррозия паровых котлов
_e(Обзор литературы)
_fГос. науч.-техн. ком. Совета Министров РСФСР. Гос. науч.-исслед. ин-т науч. и техн. информации
210 _aМосква
_cБ. и.
_d1960
215 _a42 с.
_d20
225 1 _aПеревод
_v№ 418/60П (технология)
300 _aНа обл. авт. не указан
300 _aСтатья из "Industrial and Engineerinq Chemistry", 1959, X. т. 51, № 10
320 _aБиблиогр.: с. 37-42 (103 назв.)
606 _aПаровые котлы
_xКоррозия
_2psbo
606 _aПаровые котлы
_xНакипь
_2psbo
700 1 _aМосковиц
_bП.
801 0 _aRU
_bNLR
_gpsbo
801 1 _aRU
_bELAR
_2rusmarc
852 _aNLR
_j61-4/2249
942 _cBOOK
980 _aNB